Statistics for Countries in 3 Languages

Click here to take the quiz!

General Stats

  • This quiz has been taken 20 times
  • The average score is 14 of 32

Answer Stats

% Correct
EnglishCambodia
94%
EnglishCameroon
94%
EnglishMorocco
94%
EnglishSaudi Arabia
94%
EnglishDjibouti
88%
EnglishSouth Africa
88%
EnglishCyprus
76%
EnglishUnited States
76%
EnglishNetherlands
71%
EnglishLatvia
65%
FrenchSuisse
53%
FrenchAfrique du Sud
35%
FrenchCameroun
35%
FrenchLiban
35%
SpanishPaíses Bajos
35%
SpanishSuiza
35%
FrenchCorée du Nord
29%
FrenchLettonie
29%
FrenchMalaisie
29%
SpanishArabia Saudita
24%
SpanishCorea del Norte
24%
FrenchÉtats-Unis
24%
SpanishMalasia
24%
SpanishMarruecos
24%
SpanishReino Unido
24%
FrenchRoyaume-Uni
24%
SpanishYibuti
24%
FrenchChypre
18%
SpanishLíbano
18%
SpanishCamboya
12%
FrenchSaint Christophe et Niévès
12%
SpanishSan Cristóbal y Nieves
6%

Score Distribution

Percentile by Number Answered

Percent of People with Each Score

Your Score History

You have not taken this quiz